| 000 | 00519nam a2200181Ia 4500 | ||
|---|---|---|---|
| 003 | OSt | ||
| 005 | 20240927120811.0 | ||
| 008 | 210210b2013 xxu||||| |||| 00| 0 eng d | ||
| 040 | _cAL | ||
| 082 | _a891.46301 DIMC | ||
| 100 |
_aDIMELLO (Kevin) _9164611 _dಕೆವಿನ್ ಡಿಮೆಲ್ಲೊ |
||
| 245 |
_aChanda ani garbh: matvyo kaniyo _bಚಂಡ ಅನಿ ಗರ್ಭ್ |
||
| 260 |
_aManglur _b- _c2013 |
||
| 300 | _aix,148 | ||
| 690 |
_aKonkani Fiction _9164612 |
||
| 906 | _a068552 | ||
| 942 |
_2ddc _cBK |
||
| 999 |
_c152700 _d152700 |
||